[Event "23. Copenhagen Open  (Politiken Cup)"]
[Site "Copenhagen"]
[Date "2001.07.25"]
[Round "10"]
[White "Nicolaisen, Jeppe"]
[Black "Simonsen, Per"]
[Result "1-0"]
[WhiteElo "2047"]
[BlackElo "1723"]
[PlyCount "127"]
[EventDate "2001.07.16"]
[EventType "swiss"]
[EventRounds "11"]
[EventCountry "DEN"]
[SourceDate "2004.01.01"]

1. e4 e6 2. d3 c5 3. Nf3 d5 4. Nbd2 Nc6 5. g3 Be7 6. Bg2 Nf6 7. O-O Qc7 8. Re1
d4 9. c3 e5 10. Nf1 Bg4 11. h3 Bh5 12. N1h2 h6 13. Bd2 g5 14. g4 Bg6 15. Rc1
Qd7 16. cxd4 cxd4 17. Nf1 h5 18. gxh5 Bxh5 19. Bxg5 Nh7 20. Bxe7 Qxe7 21. Ng3
Nf6 22. Nf5 Qd7 23. Rc5 Rg8 24. Kh2 Qe6 25. Qc1 Nd7 26. Rd5 Qg6 27. Rg1 Bxf3
28. Bxf3 Qxg1+ 29. Qxg1 Rxg1 30. Kxg1 Nb4 31. Rb5 Nxd3 32. Rxb7 N3c5 33. Rb5 a6
34. Rb4 Nd3 35. Rb7 Rb8 36. Rxb8+ Nxb8 37. Nd6+ Ke7 38. Nc4 Nd7 39. Be2 Nc1 40.
Bg4 Nf6 41. Nxe5 d3 42. Nc6+ Kf8 43. Bd1 Nxe4 44. Nb4 Nc5 45. f3 a5 46. Nc6 a4
47. a3 d2 48. Kf2 N1d3+ 49. Ke3 Nxb2 50. Kxd2 Nxd1 51. Kxd1 f6 52. Kd2 Kf7 53.
Nd4 Kg6 54. Kc3 Kg5 55. Kb4 Nd3+ 56. Kxa4 Kh4 57. Kb5 Kxh3 58. a4 Ne5 59. a5
Nf7 60. a6 Nd6+ 61. Kc6 Nc8 62. Kc7 Ne7 63. a7 Nd5+ 64. Kb7 1-0

[Event "23. Copenhagen Open  (Politiken Cup)"]
[Site "Copenhagen"]
[Date "2001.07.25"]
[Round "10"]
[White "Nielsen, Dagh"]
[Black "Schmied, Andreas"]
[Result "1-0"]
[WhiteElo "1982"]
[BlackElo "2138"]
[PlyCount "91"]
[EventDate "2001.07.16"]
[EventType "swiss"]
[EventRounds "11"]
[EventCountry "DEN"]
[SourceDate "2004.01.01"]

1. e4 c5 2. Nf3 Nc6 3. d4 cxd4 4. Nxd4 g6 5. Nc3 Bg7 6. Be3 Nf6 7. Bc4 Qa5 8.
O-O O-O 9. h3 d6 10. Bb3 Bd7 11. Re1 Rfe8 12. Qe2 Rac8 13. Rad1 a6 14. Nf3 b5
15. Nd5 Nxd5 16. exd5 Ne5 17. Nxe5 Bxe5 18. Bd4 Bxd4 19. Rxd4 e5 20. dxe6 Bxe6
21. Re4 Bd7 22. Qd1 Bc6 23. Re7 d5 24. Rxe8+ Rxe8 25. Rxe8+ Bxe8 26. Bxd5 Qc7
27. Qe1 Qd8 28. Qe4 Bd7 29. c3 Qg5 30. Kh2 Qd2 31. Qd4 Qxb2 32. Qf6 Be6 33.
Bxe6 fxe6 34. Qxe6+ Kg7 35. Qe7+ Kg8 36. Qe8+ Kg7 37. Qe5+ Kg8 38. Qe6+ Kg7 39.
Qxa6 Qxf2 40. Qb7+ Kg8 41. Qd5+ Kg7 42. Qd4+ Qxd4 43. cxd4 Kf6 44. Kg3 Ke6 45.
Kf4 Kd5 46. Ke3 1-0

[Event "23. Copenhagen Open  (Politiken Cup)"]
[Site "Copenhagen"]
[Date "2001.07.25"]
[Round "10"]
[White "Nielsen, Henrik Lindholt"]
[Black "Henrichsen, Jens"]
[Result "1-0"]
[WhiteElo "2005"]
[BlackElo "2069"]
[PlyCount "81"]
[EventDate "2001.07.16"]
[EventType "swiss"]
[EventRounds "11"]
[EventCountry "DEN"]
[SourceDate "2004.01.01"]

1. d4 Nf6 2. Nf3 g6 3. c4 Bg7 4. Nc3 O-O 5. g3 d6 6. Bg2 Nbd7 7. O-O e5 8. dxe5
dxe5 9. Qc2 c6 10. b3 Re8 11. Bb2 Qc7 12. Rad1 a5 13. Na4 Nf8 14. Ba3 Bf5 15.
Qc1 Red8 16. Bc5 N6d7 17. Bd6 Qc8 18. c5 Ne6 19. Nd2 Nd4 20. Nc3 b5 21. e3 b4
22. exd4 bxc3 23. Qxc3 exd4 24. Qc1 Bh6 25. f4 Bd3 26. Rfe1 Bg7 27. Nf3 Ba6 28.
Nxd4 Bxd4+ 29. Rxd4 Nf6 30. Rdd1 Re8 31. Qc3 Qf5 32. Bxc6 Rxe1+ 33. Rxe1 Rc8
34. Bg2 Nd5 35. Qe5 Nb4 36. Qxf5 gxf5 37. Re5 Bd3 38. a3 Nc2 39. Rd5 Be4 40.
Bxe4 fxe4 41. Rg5+ 1-0

[Event "23. Copenhagen Open  (Politiken Cup)"]
[Site "Copenhagen"]
[Date "2001.07.25"]
[Round "10"]
[White "Nielsen, Jens Holm"]
[Black "Kaaber Hansen, Jacob"]
[Result "0-1"]
[WhiteElo "2055"]
[BlackElo "1846"]
[PlyCount "58"]
[EventDate "2001.07.16"]
[EventType "swiss"]
[EventRounds "11"]
[EventCountry "DEN"]
[SourceDate "2004.01.01"]

1. Nc3 c5 2. Nf3 g6 3. d4 cxd4 4. Nxd4 Bg7 5. Be3 Nc6 6. Qd2 Nf6 7. Nxc6 bxc6
8. Bd4 O-O 9. e4 d5 10. exd5 cxd5 11. Be2 Re8 12. f4 Bf5 13. O-O a6 14. Rac1
Qa5 15. Bf3 Rab8 16. b3 Rec8 17. Rfe1 Rb7 18. Be5 Rd7 19. Qd4 Qc5 20. Qxc5 Rxc5
21. Bd4 Rc6 22. h3 h5 23. Kh2 e6 24. Bd1 Rdc7 25. Re3 Ng4+ 26. hxg4 Bxd4 27.
Rg3 hxg4 28. Ne2 Bf2 29. c3 f6 0-1

[Event "23. Copenhagen Open  (Politiken Cup)"]
[Site "Copenhagen"]
[Date "2001.07.25"]
[Round "10"]
[White "Nielsen, Marianne Izaura"]
[Black "Schonberg, Niels Peder"]
[Result "1-0"]
[WhiteElo "1371"]
[BlackElo "1214"]
[PlyCount "38"]
[EventDate "2001.07.16"]
[EventType "swiss"]
[EventRounds "11"]
[EventCountry "DEN"]
[SourceDate "2004.01.01"]

1. e4 e5 2. Nc3 Bc5 3. f4 Bxg1 4. Rxg1 Qh4+ 5. g3 Qxh2 6. Rg2 Qh6 7. fxe5 Qe6
8. d4 b6 9. Nd5 Kd8 10. Qf3 Nc6 11. Bg5+ f6 12. exf6 gxf6 13. Nxf6 Nge7 14. b3
b5 15. Qc3 a5 16. d5 Qd6 17. O-O-O Bb7 18. Nxd7 Rg8 19. dxc6 Qxc6 1-0

[Event "23. Copenhagen Open  (Politiken Cup)"]
[Site "Copenhagen"]
[Date "2001.07.25"]
[Round "10"]
[White "Nielsen, Morten"]
[Black "Simonsen, Hans Kristian"]
[Result "0-1"]
[WhiteElo "2085"]
[BlackElo "1930"]
[PlyCount "56"]
[EventDate "2001.07.16"]
[EventType "swiss"]
[EventRounds "11"]
[EventCountry "DEN"]
[SourceDate "2004.01.01"]

1. e4 c5 2. Nf3 d6 3. d4 cxd4 4. Nxd4 Nf6 5. Nc3 a6 6. f4 e5 7. Nb3 Nbd7 8. g3
Be7 9. a4 O-O 10. f5 d5 11. Nxd5 Nxe4 12. Bg2 Nec5 13. Nxe7+ Qxe7 14. Nxc5 Nxc5
15. O-O Bd7 16. a5 Bb5 17. Rf2 Rfd8 18. Qg4 Rd4 19. Qh5 g6 20. Qf3 e4 21. Qa3
Rd1+ 22. Bf1 e3 23. Bxe3 Rxa1 24. Qxc5 Qxc5 25. Bxc5 Rd8 26. Kg2 Rxf1 27. Rxf1
Bxf1+ 28. Kxf1 Rd2 0-1

[Event "23. Copenhagen Open  (Politiken Cup)"]
[Site "Copenhagen"]
[Date "2001.07.25"]
[Round "10"]
[White "Nielsen, Peter Heine"]
[Black "Jepson, Christian"]
[Result "1-0"]
[WhiteElo "2593"]
[BlackElo "2373"]
[PlyCount "75"]
[EventDate "2001.07.16"]
[EventType "swiss"]
[EventRounds "11"]
[EventCountry "DEN"]
[SourceDate "2004.01.01"]

1. Nf3 Nf6 2. c4 e6 3. g3 d5 4. d4 dxc4 5. Bg2 Nc6 6. Qa4 Nd7 7. Qxc4 Nb6 8.
Qd3 e5 9. Be3 exd4 10. Nxd4 Nxd4 11. Bxd4 Bb4+ 12. Nc3 O-O 13. O-O c6 14. Rfd1
Qe7 15. Ne4 Nd7 16. Qe3 Qe6 {#} 17. Bxg7 Kxg7 18. Qd4+ Qe5 19. Qxb4 a5 20. Qa3
Nb6 21. f4 Qb5 22. Qe7 Nd5 23. Qg5+ Kh8 24. Nf6 Qxb2 25. Nxd5 cxd5 26. Rab1 Qc3
27. Bxd5 Qe3+ 28. Kh1 Ra6 29. Bf3 a4 30. Rd8 Re8 31. Rxe8+ Qxe8 32. Rd1 f6 33.
Qc5 Re6 34. Qc7 Re7 35. Qb6 Qf7 36. Rd8+ Kg7 37. Rxc8 Qxa2 38. Qd8 1-0

[Event "23. Copenhagen Open  (Politiken Cup)"]
[Site "Copenhagen"]
[Date "2001.07.25"]
[Round "10"]
[White "Olesen, Michael Bonding"]
[Black "Tolstrup, Thomas"]
[Result "1/2-1/2"]
[WhiteElo "1891"]
[BlackElo "2108"]
[PlyCount "92"]
[EventDate "2001.07.16"]
[EventType "swiss"]
[EventRounds "11"]
[EventCountry "DEN"]
[SourceDate "2004.01.01"]

1. e4 e6 2. d4 d5 3. exd5 exd5 4. c4 Nf6 5. Nc3 Be7 6. Bd3 c6 7. Nge2 O-O 8.
O-O Bg4 9. h3 Bxe2 10. Bxe2 Nbd7 11. cxd5 cxd5 12. Bf3 Nb6 13. Re1 a6 14. Bf4
Nc4 15. b3 Bb4 16. Rc1 Nb6 17. Re3 h6 18. Qd3 Rc8 19. Ne2 Rxc1+ 20. Nxc1 Nbd7
21. Re2 Re8 22. Qf5 g6 23. Qc2 Bf8 24. Rxe8 Qxe8 25. Nd3 Qd8 26. Ne5 Bg7 27.
Qd2 g5 28. Bh2 Ne4 29. Qe3 f5 30. Nxd7 Qxd7 31. Be5 Bxe5 32. dxe5 d4 33. Qd3
Qd5 34. g4 Qxe5 35. gxf5 Nd6 36. Bg4 Kg7 37. Qc2 Qe1+ 38. Kg2 Qe4+ 39. Qxe4
Nxe4 40. Kf3 Nd6 41. Ke2 Kf6 42. Kd3 Ke5 43. f3 b6 44. Bh5 Kxf5 45. Kxd4 Nb5+
46. Kd3 Ke5 1/2-1/2

[Event "23. Copenhagen Open  (Politiken Cup)"]
[Site "Copenhagen"]
[Date "2001.07.25"]
[Round "10"]
[White "Olsen, Miriam Frida"]
[Black "Nicolaisen, Erik"]
[Result "1-0"]
[WhiteElo "1604"]
[BlackElo "2015"]
[PlyCount "71"]
[EventDate "2001.07.16"]
[EventType "swiss"]
[EventRounds "11"]
[EventCountry "DEN"]
[SourceDate "2004.01.01"]

1. e4 e6 2. d4 c5 3. Nf3 cxd4 4. Nxd4 a6 5. Be3 Qc7 6. g3 b6 7. Bg2 Bb7 8. O-O
Nf6 9. Nd2 Be7 10. f4 d6 11. c3 Nbd7 12. Qc2 Ng4 13. Bf2 Rc8 14. h3 Nxf2 15.
Rxf2 b5 16. Nf1 Bf6 17. Ne3 b4 18. Rc1 Qb6 19. Rd1 O-O 20. Rfd2 Bxd4 21. Rxd4
e5 22. R4d3 Nf6 23. Qd2 exf4 24. gxf4 bxc3 25. bxc3 Bxe4 26. Rxd6 Qa5 27. Rxf6
Qxc3 28. Rxa6 Bxg2 29. Kxg2 Qc7 30. Rd6 Qb7+ 31. Kf2 Qe4 32. Qd4 Qe7 33. Nf5
Rc2+ 34. Kg1 Rg2+ 35. Kxg2 Qe2+ 36. Kg3 1-0

[Event "23. Copenhagen Open  (Politiken Cup)"]
[Site "Copenhagen"]
[Date "2001.07.25"]
[Round "10"]
[White "Paaske, Asger"]
[Black "Aabling Thomsen, Jakob"]
[Result "0-1"]
[WhiteElo "2062"]
[BlackElo "1889"]
[PlyCount "66"]
[EventDate "2001.07.16"]
[EventType "swiss"]
[EventRounds "11"]
[EventCountry "DEN"]
[SourceDate "2004.01.01"]

1. e4 c5 2. c3 Nf6 3. e5 Nd5 4. d4 cxd4 5. Nf3 e6 6. cxd4 b6 7. Nc3 Nxc3 8.
bxc3 Qc7 9. Bd2 d6 10. Bd3 Nd7 11. Ng5 Bb7 12. exd6 Bxd6 13. Ne4 Bf4 14. Bxf4
Qxf4 15. Qe2 O-O 16. Qe3 Qc7 17. O-O Rac8 18. Rac1 Rfd8 19. c4 Qc6 20. Qg3 Nf8
21. Nf6+ Kh8 22. Be4 Qc7 23. Bxb7 Qxb7 24. Nh5 Ng6 25. Qe3 Nh4 26. Qg5 Nf5 27.
Rfd1 Qe4 28. f3 Qe3+ 29. Qxe3 Nxe3 30. Rd3 Nxc4 31. Nf4 g6 32. Kf2 Nb2 33. Rdc3
Rxc3 0-1

[Event "23. Copenhagen Open  (Politiken Cup)"]
[Site "Copenhagen"]
[Date "2001.07.25"]
[Round "10"]
[White "Rasmussen, Bo"]
[Black "Helin, Mikael"]
[Result "1-0"]
[WhiteElo "2160"]
[BlackElo "1984"]
[PlyCount "49"]
[EventDate "2001.07.16"]
[EventType "swiss"]
[EventRounds "11"]
[EventCountry "DEN"]
[SourceDate "2004.01.01"]

1. d4 g6 2. c4 d6 3. Nc3 Bg7 4. e4 Nc6 5. Be3 e5 6. d5 Nce7 7. Bd3 f5 8. exf5
Nxf5 9. Bxf5 Bxf5 10. Nge2 Nf6 11. Ng3 Bd7 12. f3 h6 13. Qc2 Kf7 14. h4 Nh5 15.
Nxh5 Bf5 16. Ne4 gxh5 17. Nxd6+ cxd6 18. Qxf5+ Kg8 19. Rh3 Qa5+ 20. Bd2 Qc5 21.
Rg3 Qg1+ 22. Ke2 Qxa1 23. Qe6+ Kf8 24. Qxd6+ Kg8 25. Qe6+ 1-0

[Event "23. Copenhagen Open  (Politiken Cup)"]
[Site "Copenhagen"]
[Date "2001.07.25"]
[Round "10"]
[White "Rasmussen, Casper Dahl"]
[Black "Molvig, Henrik"]
[Result "1/2-1/2"]
[WhiteElo "2281"]
[BlackElo "2213"]
[PlyCount "52"]
[EventDate "2001.07.16"]
[EventType "swiss"]
[EventRounds "11"]
[EventCountry "DEN"]
[SourceDate "2004.01.01"]

1. g3 Nf6 2. Bg2 d5 3. b3 c5 4. Bb2 e6 5. Nf3 Be7 6. O-O O-O 7. c4 Nc6 8. cxd5
exd5 9. d4 Ne4 10. Nfd2 cxd4 11. Nxe4 dxe4 12. Bxe4 Bh3 13. Bg2 Bxg2 14. Kxg2
Qd5+ 15. Kg1 Rad8 16. Nd2 Rfe8 17. Rc1 Bf6 18. Ba3 Qe6 19. Re1 Bg5 20. Rb1 Rd5
21. Nf3 Bf6 22. Bb2 Red8 23. Qd2 Qg4 24. Qf4 Qd7 25. e4 dxe3 26. Qxe3 Rd3
1/2-1/2

[Event "23. Copenhagen Open  (Politiken Cup)"]
[Site "Copenhagen"]
[Date "2001.07.25"]
[Round "10"]
[White "Rasmussen, Henning Lau"]
[Black "Zachariassen, John"]
[Result "1-0"]
[WhiteElo "2015"]
[BlackElo "1864"]
[PlyCount "103"]
[EventDate "2001.07.16"]
[EventType "swiss"]
[EventRounds "11"]
[EventCountry "DEN"]
[SourceDate "2004.01.01"]

1. d4 Nf6 2. c4 g6 3. Nc3 Bg7 4. e4 d6 5. Be2 e5 6. d5 O-O 7. Bg5 h6 8. Be3
Nbd7 9. h4 a5 10. h5 g5 11. g4 Nc5 12. f3 Ne8 13. Nh3 Bf6 14. O-O Be7 15. Nf2
Bd7 16. b3 Nf6 17. Rb1 b6 18. Qd2 Ne8 19. Rfc1 Ng7 20. Bd1 Bc8 21. a3 Nd7 22.
b4 axb4 23. axb4 Nf6 24. c5 dxc5 25. bxc5 bxc5 26. Na4 Nd7 27. Nxc5 Nxc5 28.
Bxc5 Bd6 29. Qb4 Qf6 30. Qd2 Bd7 31. Bxd6 cxd6 32. Rb7 Rfd8 33. Rcb1 Ba4 34.
Be2 Be8 35. Kg2 Rac8 36. Ba6 Ra8 37. Be2 Rac8 38. Ba6 Ra8 39. Bb5 Ra3 40. Nd3
Rda8 41. Bc6 Rd8 42. R1b3 Rxb3 43. Rxb3 Bxc6 44. dxc6 Ne6 45. Nb4 Nf4+ 46. Kg3
d5 47. Nxd5 Qd6 48. Qb4 Kg7 49. c7 Qxb4 50. Rxb4 Ra8 51. Rb8 Ra2 52. Nxf4 1-0

[Event "23. Copenhagen Open  (Politiken Cup)"]
[Site "Copenhagen"]
[Date "2001.07.25"]
[Round "10"]
[White "Rendboe, John Filip"]
[Black "Grahn, Lars"]
[Result "1-0"]
[WhiteElo "2243"]
[BlackElo "2100"]
[PlyCount "75"]
[EventDate "2001.07.16"]
[EventType "swiss"]
[EventRounds "11"]
[EventCountry "DEN"]
[SourceDate "2004.01.01"]

1. c4 e6 2. d4 d5 3. Nc3 Nf6 4. Bg5 Nbd7 5. cxd5 exd5 6. e3 c6 7. Bd3 Be7 8.
Qc2 O-O 9. Nge2 Re8 10. O-O Nf8 11. Ng3 h6 12. Bxf6 Bxf6 13. b4 b6 14. a4 Ne6
15. a5 Bb7 16. Rfd1 g6 17. b5 c5 18. dxc5 bxc5 19. a6 Bc8 20. Be4 Bxc3 21. Qxc3
d4 22. Qc4 Rb8 23. f4 Qf6 24. f5 Ng5 25. Bc6 Re7 26. exd4 cxd4 27. fxg6 Bg4 28.
gxf7+ Nxf7 29. Rxd4 Be2 30. Nxe2 Rxe2 31. Rf1 Qe7 32. Rxf7 Qxf7 33. Qxe2 Qf6
34. Rd1 Rf8 35. h3 h5 36. Qxh5 Qf2+ 37. Kh1 Rf5 38. Qg6+ 1-0

[Event "23. Copenhagen Open  (Politiken Cup)"]
[Site "Copenhagen"]
[Date "2001.07.25"]
[Round "10"]
[White "Rosenberg, Jan"]
[Black "Radovic, Slobodan"]
[Result "1-0"]
[WhiteElo "1785"]
[BlackElo "1492"]
[PlyCount "85"]
[EventDate "2001.07.16"]
[EventType "swiss"]
[EventRounds "11"]
[EventCountry "DEN"]
[SourceDate "2004.01.01"]

1. e4 e6 2. Nf3 d5 3. e5 c5 4. b4 Qb6 5. bxc5 Bxc5 6. d4 Be7 7. Bd3 Nc6 8. O-O
Bd7 9. c3 h5 10. Qe2 a6 11. Be3 Na5 12. Nbd2 Nh6 13. Rab1 Qc7 14. c4 dxc4 15.
Nxc4 Nxc4 16. Bxc4 Nf5 17. Rfc1 Nxe3 18. Qxe3 Qb8 19. d5 O-O 20. d6 Bd8 21. Bd3
f5 22. h4 b5 23. Ng5 Bb6 24. Qf3 g6 25. Nh3 Rc8 26. Qg3 Rxc1+ 27. Rxc1 Qe8 28.
Be2 Kh7 29. Nf4 Rc8 30. Rxc8 Bxc8 31. Bf3 Bd7 32. Bb7 a5 33. Qf3 Qd8 34. g3 b4
35. Ba6 Be8 36. Qb7+ Kh6 37. Nxe6 Qd7 38. Qxb6 Qxe6 39. Qxa5 Bc6 40. Qc5 Bd7
41. Bc4 Qe8 42. Qe3+ Kh7 43. e6 1-0

[Event "23. Copenhagen Open  (Politiken Cup)"]
[Site "Copenhagen"]
[Date "2001.07.25"]
[Round "10"]
[White "Rossen, Claus"]
[Black "Hansen, Herluf"]
[Result "1-0"]
[WhiteElo "2210"]
[BlackElo "2044"]
[PlyCount "111"]
[EventDate "2001.07.16"]
[EventType "swiss"]
[EventRounds "11"]
[EventCountry "DEN"]
[SourceDate "2004.01.01"]

1. d4 d5 2. Nf3 c6 3. c4 Nf6 4. g3 e6 5. Bg2 Bd6 6. Nbd2 Nbd7 7. O-O O-O 8. Qc2
Re8 9. e4 dxe4 10. Nxe4 Nxe4 11. Qxe4 e5 12. Qc2 exd4 13. Nxd4 Be5 14. Be3 Nf8
15. Rad1 Qf6 16. f4 Bd6 17. Bf2 Bc5 18. Nf3 Bxf2+ 19. Qxf2 Bg4 20. Rd2 Bxf3 21.
Bxf3 Red8 22. Rfd1 Rxd2 23. Rxd2 Qe7 24. Kg2 a5 25. a3 Rd8 26. Re2 Qc7 27. Bg4
g6 28. Qc5 b6 29. Qe7 Qxe7 30. Rxe7 Rd2+ 31. Re2 Rd4 32. c5 bxc5 33. Rc2 f5 34.
Bf3 Ne6 35. Bxc6 Kf7 36. Bb5 Kf6 37. Bc4 Nd8 38. b3 Rd6 39. Bb5 Nb7 40. Re2 Re6
41. Rc2 Rb6 42. a4 h6 43. Bc4 Rd6 44. Be2 Rb6 45. Rc3 Ke7 46. Bf3 Kd6 47. Rd3+
Ke7 48. Re3+ Kd6 49. Be2 Nd8 50. Bc4 Kd7 51. Bb5+ Kd6 52. Re8 Nc6 53. Rg8 Ne7
54. Rd8+ Ke6 55. Bc4+ Kf6 56. Rf8+ 1-0

[Event "23. Copenhagen Open  (Politiken Cup)"]
[Site "Copenhagen"]
[Date "2001.07.25"]
[Round "10"]
[White "Royset, Paal"]
[Black "Bekker Jensen, Simon"]
[Result "0-1"]
[WhiteElo "2257"]
[BlackElo "2356"]
[PlyCount "104"]
[EventDate "2001.07.16"]
[EventType "swiss"]
[EventRounds "11"]
[EventCountry "DEN"]
[SourceDate "2004.01.01"]

1. e4 c5 2. Nf3 d6 3. c3 Nf6 4. Be2 Nbd7 5. d3 b6 6. Ng5 g6 7. Qb3 e6 8. f4 h6
9. Nxf7 Kxf7 10. f5 Ne5 11. O-O c4 12. fxg6+ Kg7 13. dxc4 Be7 14. Be3 Bd7 15.
Nd2 Qc7 16. Nf3 Nxg6 17. Rad1 Ng4 18. Bd4+ e5 19. h3 Nf6 20. Be3 Raf8 21. Nd2
Nh7 22. Nf3 Nf4 23. Qc2 Be6 24. b3 Rhg8 25. Kh2 Kh8 26. Rf2 Ng5 27. Ng1 Qc6 28.
Bf3 Rf6 29. Rdf1 Rgf8 30. h4 Nxf3+ 31. Rxf3 Bg4 32. R3f2 Kg7 33. Re1 Qe8 34.
Qd2 Qh5 35. g3 Ng6 36. Kg2 Rxf2+ 37. Bxf2 Bf3+ 38. Kh2 Qg4 39. Nxf3 Rxf3 40.
Re3 Rf7 41. Qe1 Nf8 42. Rd3 Nd7 43. Re3 Nc5 44. Bg1 Kh7 45. Qd2 Rf1 46. Qg2 Qd1
47. Bf2 Nd7 48. Qf3 Qxf3 49. Rxf3 Nf6 50. Kg2 Ra1 51. a4 Ra3 52. g4 Kg7 0-1

[Event "23. Copenhagen Open  (Politiken Cup)"]
[Site "Copenhagen"]
[Date "2001.07.25"]
[Round "10"]
[White "Skovgaard, Peter Nicolai"]
[Black "Elka, Parviz"]
[Result "1-0"]
[WhiteElo "1688"]
[BlackElo "1329"]
[PlyCount "81"]
[EventDate "2001.07.16"]
[EventType "swiss"]
[EventRounds "11"]
[EventCountry "DEN"]
[SourceDate "2004.01.01"]

1. e4 c6 2. d4 d5 3. exd5 cxd5 4. Bd3 Nc6 5. c3 Nf6 6. h3 e6 7. Bf4 Bd6 8. Bxd6
Qxd6 9. Nf3 h6 10. Nbd2 Bd7 11. O-O O-O 12. Re1 Rac8 13. Ne5 Rfd8 14. Ndf3 a6
15. a4 Na5 16. Qe2 Rc7 17. Ra3 Rdc8 18. g3 Be8 19. Kh2 Nc4 20. Raa1 Qb6 21.
Reb1 Qa5 22. b3 Nd6 23. c4 dxc4 24. bxc4 b6 25. Nd2 Kf8 26. Rb3 Bxa4 27. c5
bxc5 28. Ndc4 Nxc4 29. Nxc4 Bxb3 30. Nxa5 Bd5 31. dxc5 Rxc5 32. Qd2 R8c7 33.
Qb4 g6 34. Rc1 Nd7 35. Rxc5 Rxc5 36. Nb7 Bxb7 37. Qxb7 Rd5 38. Bxa6 Kg7 39. Bc4
Rd6 40. Qc7 Rd2 41. Bxe6 1-0

[Event "23. Copenhagen Open  (Politiken Cup)"]
[Site "Copenhagen"]
[Date "2001.07.25"]
[Round "10"]
[White "Skovgaard, Tom"]
[Black "Hansen, Ib Lynaes"]
[Result "0-1"]
[WhiteElo "2065"]
[BlackElo "1866"]
[PlyCount "114"]
[EventDate "2001.07.16"]
[EventType "swiss"]
[EventRounds "11"]
[EventCountry "DEN"]
[SourceDate "2004.01.01"]

1. e4 e5 2. Nf3 Nc6 3. Bb5 Nf6 4. O-O Nxe4 5. Re1 Nd6 6. Nxe5 Nxe5 7. Rxe5+ Be7
8. Bf1 O-O 9. d4 Ne8 10. c4 d6 11. Re1 c6 12. Nc3 Nc7 13. Bd3 d5 14. Qh5 g6 15.
Qf3 Kg7 16. cxd5 cxd5 17. Bf4 Ne6 18. Nxd5 Nxf4 19. Qxf4 Bd6 20. Qf3 Qh4 21. g3
Qxd4 22. b3 Bg4 23. Qe4 Bc5 24. Ne3 Bh3 25. Rac1 Rac8 26. Rc4 Qb2 27. Rc2 Qd4
28. Rc4 Qxe4 29. Rxe4 a6 30. a4 Rfe8 31. Rxe8 Rxe8 32. Bf1 Be6 33. Bg2 Rb8 34.
Rb1 b6 35. b4 Bd6 36. Nd5 b5 37. axb5 Rxb5 38. Nf4 Bc4 39. Bf1 Bxf1 40. Kxf1
Rxb4 41. Rxb4 Bxb4 42. Ke2 a5 43. g4 Bd6 44. Nd3 Bxh2 45. Nc5 Bd6 46. Nb3 Bb4
47. Nc1 Kf6 48. Kd3 Kg5 49. f3 f5 50. gxf5 Kxf5 51. Ke2 a4 52. Kf2 a3 53. Ke2
Bd6 54. Kf2 Kf4 55. Na2 h5 56. Kg2 Ke3 57. Nc3 Kd3 0-1

[Event "23. Copenhagen Open  (Politiken Cup)"]
[Site "Copenhagen"]
[Date "2001.07.25"]
[Round "10"]
[White "Spanton, Timothy"]
[Black "Hovmoller, Kristian"]
[Result "1/2-1/2"]
[WhiteElo "2051"]
[BlackElo "2194"]
[PlyCount "107"]
[EventDate "2001.07.16"]
[EventType "swiss"]
[EventRounds "11"]
[EventCountry "DEN"]
[SourceDate "2004.01.01"]

1. e4 c5 2. Nc3 Nc6 3. g3 g6 4. Bg2 Bg7 5. d3 d6 6. Be3 e6 7. Qd2 Rb8 8. Nf3 b5
9. O-O Nd4 10. Ne1 Qb6 11. Nd1 b4 12. c3 bxc3 13. bxc3 Nc6 14. Nc2 Ba6 15. h3
Nge7 16. f4 Qb5 17. c4 Qa4 18. Rc1 Nd4 19. Nxd4 cxd4 20. Bf2 Qa3 21. g4 h5 22.
f5 hxg4 23. Bg3 gxh3 24. Bh1 Bh6 25. Bf4 g5 26. Bg3 e5 27. Rc2 g4 28. Qe2 f6
29. Nf2 Be3 30. Kh2 Bxf2 31. Bxf2 Kf7 32. Rg1 Rbg8 33. Rd2 Qa5 34. Be1 Qd8 35.
Rxg4 Qf8 36. Rd1 Rxg4 37. Qxg4 Qh6 38. Bd2 Qh7 39. Rb1 Rg8 40. Qxh3 Qxh3+ 41.
Kxh3 Nc6 42. Bf3 Rb8 43. Rxb8 Nxb8 44. Bd1 Nd7 45. Bb4 Nc5 46. Bxc5 dxc5 47.
Kg4 Bb7 48. Kh5 Bc6 49. Kh6 Ke7 50. Kg7 Be8 51. a3 a6 52. Kg8 Bf7+ 53. Kg7 Be8
54. Kg8 1/2-1/2

[Event "23. Copenhagen Open  (Politiken Cup)"]
[Site "Copenhagen"]
[Date "2001.07.25"]
[Round "10"]
[White "Stovring, Claus"]
[Black "Windekilde, Flemming"]
[Result "1-0"]
[WhiteElo "1966"]
[BlackElo "1744"]
[PlyCount "57"]
[EventDate "2001.07.16"]
[EventType "swiss"]
[EventRounds "11"]
[EventCountry "DEN"]
[SourceDate "2004.01.01"]

1. e4 c5 2. Nf3 Nc6 3. Bb5 g6 4. O-O Bg7 5. Nc3 e6 6. Bxc6 bxc6 7. e5 Ne7 8. d3
d5 9. exd6 Qxd6 10. Bg5 Bxc3 11. bxc3 e5 12. Nd2 Bf5 13. f4 O-O 14. fxe5 Qe6
15. Qe1 Nd5 16. Nc4 f6 17. exf6 Qxe1 18. Rfxe1 Nxf6 19. Ne5 Rac8 20. c4 Kg7 21.
Rab1 Rc7 22. Bf4 Nh5 23. Bd2 Nf6 24. Ba5 Rcc8 25. Rb7+ Kh6 26. Bd2+ Kh5 27. h3
Kh4 28. Kh2 Nh5 29. Nf3# 1-0

[Event "23. Copenhagen Open  (Politiken Cup)"]
[Site "Copenhagen"]
[Date "2001.07.25"]
[Round "10"]
[White "Tandrup, Michael"]
[Black "Pedersen, Kaj Vinding"]
[Result "1/2-1/2"]
[WhiteElo "1795"]
[BlackElo "1549"]
[PlyCount "130"]
[EventDate "2001.07.16"]
[EventType "swiss"]
[EventRounds "11"]
[EventCountry "DEN"]
[SourceDate "2004.01.01"]

1. e4 Nf6 2. e5 Nd5 3. Nc3 Nxc3 4. bxc3 d6 5. f4 g6 6. Bc4 d5 7. Be2 c5 8. Nf3
Nc6 9. O-O Bg4 10. h3 Bxf3 11. Bxf3 e6 12. Rb1 Rb8 13. Qe2 Bg7 14. Qb5 Qa5 15.
Qxa5 Nxa5 16. Rb5 b6 17. Be2 a6 18. Rb1 b5 19. a4 c4 20. axb5 Rxb5 21. Ba3 Kd7
22. Rxb5 axb5 23. Bb4 Nc6 24. Ra1 Rb8 25. Bd6 Rc8 26. Rb1 f6 27. Rxb5 fxe5 28.
fxe5 Bxe5 29. Bc5 Rb8 30. Rxb8 Bxb8 31. d3 cxd3 32. cxd3 Ba7 33. Bxa7 Nxa7 34.
Kf2 e5 35. Ke3 Kd6 36. Bf3 Nb5 37. Bxd5 Nxc3 38. Bg8 h6 39. Bf7 g5 40. Kf3 Ke7
41. Bc4 Kf6 42. Kg4 Kg6 43. Be6 h5+ 44. Kf3 Kf6 45. Bc4 h4 46. Ba6 Nd5 47. Bb7
Nf4 48. Be4 Ne6 49. Kg4 Nf4 50. g3 hxg3 51. Kxg3 Ne6 52. Kg4 Nd4 53. Bb7 Ne6
54. Bc8 Nf4 55. Bf5 Nxh3 56. Bh7 Nf4 57. Be4 Ne6 58. Bc6 Nc5 59. Bb5 Ne6 60.
Bc4 Ng7 61. Ba6 Nf5 62. Bc8 Ne3+ 63. Kf3 Nd5 64. Kg4 Nb4 65. Bf5 Nxd3 1/2-1/2

[Event "23. Copenhagen Open  (Politiken Cup)"]
[Site "Copenhagen"]
[Date "2001.07.25"]
[Round "10"]
[White "Thomsen, Heinrich Kirch"]
[Black "Greisen, Flemming Dahl"]
[Result "0-1"]
[WhiteElo "1361"]
[BlackElo "1425"]
[PlyCount "81"]
[EventDate "2001.07.16"]
[EventType "swiss"]
[EventRounds "11"]
[EventCountry "DEN"]
[SourceDate "2004.01.01"]

1. e4 e6 2. d4 d5 3. Nd2 g6 4. e5 Bg7 5. f4 Ne7 6. Ngf3 Nf5 7. Nb3 b6 8. g3 Qe7
9. Bd2 Bd7 10. Qe2 c5 11. dxc5 bxc5 12. Qf2 c4 13. Nc5 Nc6 14. Bh3 d4 15. Nxd7
Qxd7 16. Bxf5 exf5 17. Rd1 O-O 18. O-O h6 19. Nxd4 Qxd4 20. Be3 Qxb2 21. Rb1
Qc3 22. Rb7 Rfd8 23. Rfb1 Qa5 24. Qf3 Qa4 25. Bc5 Rac8 26. Qc3 Rb8 27. Rxb8
Rxb8 28. Rxb8+ Nxb8 29. Qd4 Qd7 30. Bd6 Nc6 31. Qxc4 Bf8 32. Qd5 Bxd6 33. exd6
Kf8 34. c4 Nd8 35. c5 Qc6 36. Qxc6 Nxc6 37. h4 Ke8 38. Kf2 Kd7 39. Ke3 Ke6 40.
a3 Kd5 41. a4 0-1